Γλωσσική Ανάπτυξη / Βρεφική, Παιδική και Εφηβική Ηλικία (Record no. 9661)
[ view plain ]
| 000 -LEADER | |
|---|---|
| fixed length control field | 01391cam a22001934a 4500 |
| 005 - ΗΜΕΡΟΜΗΝΙΑ ΚΑΙ ΩΡΑ ΤΕΛΕΥΤΑΙΑΣ ΕΝΗΜΕΡΩΣΗΣ | |
| Πεδίο ελέγχου | 20250605164406.0 |
| 008 - FIXED-LENGTH DATA ELEMENTS--GENERAL INFORMATION | |
| Πεδίο ελέγχου σταθερού μήκους | 250528s ||||||||||||||||||||||||d |
| 035 ## - SYSTEM CONTROL NUMBER | |
| System control number | 24816 |
| 020 ## - ISBN | |
| ISBN | 9789600119756 |
| 040 ## - ΠΗΓΗ ΚΑΤΑΛΟΓΟΓΡΑΦΗΣΗΣ | |
| Φορέας πρωτότυπης καταλογογράφησης | MC Athens Campus Library |
| Γλώσσα καταλογογράφησης | Ελληνικά, Μοντέρνα (1453-) |
| Modifying agency | MC Athens Campus Library |
| Κανόνες περιγραφικής καταλογογράφησης | AACR2 |
| 245 1# - ΤΙΤΛΟΣ ΚΑΙ ΔΗΛΩΣΗ ΥΠΕΥΘΥΝΟΤΗΤΑΣ | |
| Τίτλος | Γλωσσική Ανάπτυξη / Βρεφική, Παιδική και Εφηβική Ηλικία |
| 260 ## - PUBLICATION, DISTRIBUTION, ETC. | |
| Name of publisher, distributor, etc. | Gutenberg, |
| Date of publication, distribution, etc. | 2019 |
| 300 ## - PHYSICAL DESCRIPTION | |
| Extent | 408 |
| 520 ## - SUMMARY, ETC. | |
| Summary, etc. | Πρόλογος, Εισαγωγή, Εννοιολογικοί Προσδιορισμοί, Κρίσιμη και Ευαίσθητη Περίοδος για τη Γλωσσική Ανάπτυξη, Ιστορικές Θεωρητικές Προσεγγίσεις για τη Γλωσσική Ανάπτυξη, Σύγχρονες Θεωρίες για τη Γλωσσική Ανάπτυξη, Μεθοδολογία Έρευνας για τη Μελέτη της Γλωωσικής Ανάπτυξης, Βρεφική και Προσχολική Ηλικία, Σχολική και Εφηβική Ηλικία, Διγγλωσία και Πολυγλωσσία, Η Γλωσσική Ανάπτυξη σε Παιδιά με Εδικές Εκπαιδευτικές Ανάγκες, Γενικό Παράρτημα, Γλωσσάρι, Ευρετήριο Όρων. |
| 700 1# - ΠΡΟΣΘΕΤΗ ΑΝΑΓΡΑΦΗ--ΦΥΣΙΚΟ ΠΡΟΣΩΠΟ | |
| Personal name | Ράλλη, Ασημίνα Μ |
| 9 (RLIN) | 9546 |
| 942 ## - ADDED ENTRY ELEMENTS (KOHA) | |
| Koha item type | Books |
| Τύπος τεκμηρίου | Βιβλιοθήκη | Τρέχουσα τοποθεσία | Barcode | Αριθμός εισαγωγής | Ημερομηνία απόκτησης | Ταξιθετικό σύμβολο | Αριθμός αντιτύπου | Κατάσταση απόσυρσης | Κατάσταση χαμένου | Κατάσταση κατεστραμμένου | Μη δανεισμός | Σύνολο δανεισμών | Ημερομηνία τελευταίας εμφάνισης | Η τιμή ισχύει από |
|---|---|---|---|---|---|---|---|---|---|---|---|---|---|---|
| Books | MC Athens Campus Library | MC Athens Campus Library | 9780000096609 | 7758 | 05/06/2025 | 401.93 RAL | 1 | 05/06/2025 | 05/06/2025 |